000 00287nam a2200109Ia 4500
001 588851
005 20250717120838.0
008 250717s9999 xx 000 0 und d
245 0 _aY-6 BÜYÜK VATAN SAVUNMASI ÇANAKKALE
_cERCAN DOLAPÇI
260 _bERDEM YAYINLARI
_c2018
300 _b160
999 _c588851
_d588851